A history of control engineering 1930 - 1955 /

Gespeichert in:
Bibliographische Detailangaben
1. Verfasser: Bennett, Stuart (Verfasst von)
Format: Buch
Sprache:Englisch
Veröffentlicht: London : Peter Peregrinus, 1993
Schriftenreihe:IEE control engineering series 47
Schlagworte:
Tags: Tag hinzufügen
Keine Tags, Fügen Sie das erste Tag hinzu!

MARC

LEADER 00000nam a22000003a 4500
001 stu10047
005 20150617225803.9
008 970818s1993----uk------------------eng-d
020 |a 0-86341-299-8 
040 |a STU  |b slo 
041 0 |a eng 
044 |a uk 
080 |a 681.5 
084 |a C3000  |2 INS 
100 1 |a Bennett, Stuart  |4 aut 
245 1 |a A history of control engineering 1930 - 1955 /  |c [aut.] Bennett,S 
260 |a London :  |b Peter Peregrinus,  |c 1993 
300 |a 250 s 
650 7 |a automatizované systémy riadenia  |2 stusub 
650 7 |a automatické riadiace systémy  |2 stusub 
650 7 |a riadenie výrobných procesov  |2 stusub 
650 7 |a servomechanizmy  |2 stusub 
650 7 |a technická kybernetika  |2 stusub 
830 0 |a IEE control engineering series  |v 47 
996 |b EIEE-37  |c E*IEE-37  |l EE01  |s A  |a 24  |w stu10047_0001